000
00307nam a2200121Ia 4500
008
220204s9999 xx 000 0 und d
020
_a
8176638943
082
_a
638.12
_b
ATW
100
_a
Atwal, Avtar S
245
4
_a
The world of the honey bee
260
_a
Ludhiana
_b
Kalyani Publishers
_c
2001
942
_c
BK
999
_c
42059
_d
42059